[Event "15th 4NCL Congress"]
[Site "Doncaster"]
[Date "2017.09.09"]
[Round "3.1"]
[White "Whitehead, Mark A"]
[Black "Wilson, Kevin J"]
[Result "1/2-1/2"]
[WhiteElo "1908"]
[BlackElo "1859"]
[PlyCount "44"]
[EventDate "2017.09.08"]

1. e4 c6 2. d4 d5 3. Nd2 dxe4 4. Nxe4 Nd7 5. Bc4 Ngf6 6. Ng5 e6 7. Qe2 Nb6 8.
Bd3 h6 9. N1f3 c5 10. dxc5 Bxc5 11. Ne5 Qc7 12. Ngf3 Nbd7 13. O-O O-O 14. h3
Nxe5 15. Nxe5 b6 16. Bf4 Bb7 17. Rfe1 Rfd8 18. Bh2 Bd6 19. Rad1 Rac8 20. a3 Nd7
21. c3 Bxe5 22. Bxe5 Nxe5 1/2-1/2

[Event "15th 4NCL Congress"]
[Site "Doncaster"]
[Date "2017.09.09"]
[Round "3.2"]
[White "Burrows, Nick"]
[Black "Hamilton, Douglas"]
[Result "1-0"]
[WhiteElo "1888"]
[BlackElo "1893"]
[PlyCount "71"]
[EventDate "2017.09.08"]

1. Nf3 f5 2. d4 Nf6 3. g3 e6 4. Bg2 Be7 5. c4 d6 6. Nc3 O-O 7. O-O Ne4 8. Nxe4
fxe4 9. Ne1 d5 10. f3 c5 11. fxe4 Rxf1+ 12. Kxf1 dxc4 13. d5 Nc6 14. Bf4 exd5
15. exd5 Nd4 16. e3 Nf5 17. Nc2 g5 18. Be5 Bf6 19. Bxf6 Qxf6 20. Kg1 Nd6 21. e4
Bd7 22. Qe2 Re8 23. Re1 Qe5 24. Kh1 Bf5 25. Qh5 Bxe4 26. Bxe4 Nxe4 27. d6 Rf8
28. Qe2 Nf2+ 29. Qxf2 Qxd6 30. Qe2 Qd3 31. Qe6+ Kg7 32. Qe7+ Rf7 33. Qxg5+ Kf8
34. Qh6+ Rg7 35. Qf6+ Rf7 36. Qh8# 1-0

[Event "15th 4NCL Congress"]
[Site "Doncaster"]
[Date "2017.09.09"]
[Round "3.4"]
[White "Bennett, Dominic L"]
[Black "Gibbs, Dominic V"]
[Result "1-0"]
[WhiteElo "1962"]
[BlackElo "1840"]
[PlyCount "101"]
[EventDate "2017.09.08"]

1. f4 d5 2. Nf3 g6 3. g3 Bg7 4. Bg2 c6 5. c3 Nd7 6. d3 Ngf6 7. a4 Qc7 8. Na3 e5
9. fxe5 Nxe5 10. Nc2 h5 11. a5 Nxf3+ 12. exf3 O-O 13. Bf4 Re8+ 14. Kf2 Qd8 15.
Qd2 Be6 16. Rhe1 Qd7 17. Re2 Bh3 18. Rae1 Bxg2 19. Kxg2 Rxe2+ 20. Rxe2 Re8 21.
Rxe8+ Nxe8 22. Qe3 a6 23. d4 Bf8 24. Ne1 Nd6 25. Bxd6 Bxd6 26. Nd3 Qe7 27. Qxe7
Bxe7 28. b4 Bd6 29. Kf2 f6 30. Ke3 Kf7 31. f4 Ke6 32. Kf3 Be7 33. h3 Bd6 34. g4
hxg4+ 35. Kxg4 Be7 36. Nc1 Bf8 37. Nd3 Be7 38. h4 Bd6 39. Nc5+ Bxc5 40. bxc5
Kf7 41. f5 Kg7 42. fxg6 Kxg6 43. h5+ Kh6 44. Kf5 Kxh5 45. Kxf6 Kg4 46. Ke6 Kf4
47. Kd6 Ke4 48. Kc7 Kd3 49. Kxb7 Kxc3 50. Kxa6 Kxd4 51. Kb6 1-0

[Event "15th 4NCL Congress"]
[Site "Doncaster"]
[Date "2017.09.09"]
[Round "3.5"]
[White "Ruane, Brendan J"]
[Black "Bielby, Paul R"]
[Result "1-0"]
[WhiteElo "1857"]
[BlackElo "1916"]
[PlyCount "61"]
[EventDate "2017.09.08"]

1. Nc3 d5 2. e4 dxe4 3. Nxe4 e5 4. Nf3 Bd6 5. Bc4 Nc6 6. O-O Bf5 7. Nxd6+ cxd6
8. Re1 Nge7 9. d4 d5 10. Bb3 e4 11. Nh4 Be6 12. f3 exf3 13. Nxf3 O-O 14. c3 Qd7
15. Bg5 Rfe8 16. Ba4 f6 17. Bf4 a6 18. b4 b5 19. Bb3 Nf5 20. Nd2 g5 21. Be3 Nd6
22. Qf3 Kg7 23. Bxd5 Bxd5 24. Qxd5 Ne7 25. Qf3 Nef5 26. Bf2 Rac8 27. Nb3 Kg6
28. Nc5 Qc7 29. g4 Rxe1+ 30. Rxe1 Nh6 31. d5 1-0

[Event "15th 4NCL Congress"]
[Site "Doncaster"]
[Date "2017.09.09"]
[Round "3.7"]
[White "Jacob, Sydney J"]
[Black "Riding, Mick D"]
[Result "1/2-1/2"]
[WhiteElo "1838"]
[BlackElo "1866"]
[PlyCount "71"]
[EventDate "2017.09.08"]

1. d4 c5 2. d5 e5 3. c4 d6 4. Nc3 g6 5. e4 Bg7 6. Be3 Nf6 7. f3 a6 8. Qd2 O-O
9. Bd3 Nbd7 10. Nge2 Ne8 11. h4 f5 12. exf5 gxf5 13. Bg5 Ndf6 14. Ng3 f4 15.
Nh5 Qc7 16. Nxf6+ Bxf6 17. Ne4 b5 18. cxb5 c4 19. b6 Qxb6 20. Bxc4 Bg7 21. h5
h6 22. Bh4 Bd7 23. Rc1 Qb8 24. b3 Nf6 25. Nxf6+ Bxf6 26. Bf2 Qb7 27. Qd3 Qb4+
28. Kf1 Qa3 29. Re1 Bg7 30. Qe2 Bb5 31. Bh4 Rfc8 32. Bxb5 axb5 33. Rd1 Rc5 34.
Rd2 e4 35. fxe4 Rc1+ 36. Be1 1/2-1/2

[Event "15th 4NCL Congress"]
[Site "Doncaster"]
[Date "2017.09.09"]
[Round "3.10"]
[White "Ter-Gevorkian, Aram"]
[Black "Obi, Marc On"]
[Result "1-0"]
[WhiteElo "1922"]
[BlackElo "1802"]
[PlyCount "85"]
[EventDate "2017.09.08"]

1. e4 g6 2. d4 Bg7 3. Nc3 d6 4. f4 a6 5. Nf3 b5 6. Bd3 Bb7 7. Ne2 Nd7 8. O-O c5
9. c3 Nh6 10. Ng3 e5 11. fxe5 dxe5 12. d5 c4 13. Bc2 O-O 14. Ng5 Nc5 15. Kh1
Bc8 16. b4 Bg4 17. Qe1 Nd3 18. Bxd3 cxd3 19. h3 f6 20. Nf3 Bxf3 21. Rxf3 f5 22.
Rxd3 Qh4 23. Bxh6 Qxh6 24. a4 Rab8 25. axb5 axb5 26. Ra6 Qh4 27. Ra7 f4 28.
Rxg7+ Kh8 29. Rc7 fxg3 30. Rxg3 Rf4 31. Re3 Qf6 32. Qg3 Qb6 33. Rc6 Rf1+ 34.
Kh2 Qd8 35. Qxe5+ Kg8 36. Rf3 Rxf3 37. gxf3 Ra8 38. Rc7 Qf8 39. Qe6+ Kh8 40.
Rf7 Qh6 41. Qf6+ Kg8 42. Kg3 Re8 43. d6 1-0

[Event "15th 4NCL Congress"]
[Site "Doncaster"]
[Date "2017.09.09"]
[Round "3.11"]
[White "Clegg, Robert"]
[Black "Slinger, Aj (tony)"]
[Result "1/2-1/2"]
[WhiteElo "1769"]
[BlackElo "1899"]
[PlyCount "33"]
[EventDate "2017.09.08"]

1. d4 Nf6 2. c4 e6 3. Nc3 Bb4 4. Qc2 d5 5. a3 Be7 6. e3 O-O 7. Bd3 b6 8. Nge2
Bb7 9. O-O Nbd7 10. f3 c5 11. cxd5 exd5 12. Nf4 a6 13. Bd2 Re8 14. Rae1 Nf8 15.
Kh1 Bd6 16. Nh3 Qc7 17. g3 1/2-1/2

[Event "15th 4NCL Congress"]
[Site "Doncaster"]
[Date "2017.09.09"]
[Round "3.13"]
[White "Mahoney, Nicholas"]
[Black "Potter, Steven"]
[Result "1/2-1/2"]
[WhiteElo "1711"]
[BlackElo "1874"]
[PlyCount "57"]
[EventDate "2017.09.08"]

1. d4 b6 2. e4 Bb7 3. Nc3 e6 4. a3 Be7 5. Nf3 Nf6 6. Bd3 d5 7. e5 Ne4 8. Ne2 c5
9. c3 Nd7 10. O-O O-O 11. Ne1 f5 12. f3 Ng5 13. Nf4 Re8 14. g3 Bf8 15. Neg2 c4
16. Bc2 b5 17. Ne3 Qb6 18. Kg2 Nxe5 19. dxe5 d4 20. cxd4 Rad8 21. Nxf5 exf5 22.
Qe2 Qxd4 23. h4 Nxf3 24. Rxf3 Bxf3+ 25. Qxf3 Rxe5 26. Ne2 Qd5 27. Qxd5+ Rexd5
28. Kf3 Re8 29. Bf4 1/2-1/2

[Event "15th 4NCL Congress"]
[Site "Doncaster"]
[Date "2017.09.09"]
[Round "3.14"]
[White "Ross, Stuart"]
[Black "Mort, Andrew J"]
[Result "0-1"]
[WhiteElo "1641"]
[BlackElo "1862"]
[PlyCount "30"]
[EventDate "2017.09.08"]

1. e4 c5 2. Nf3 Nc6 3. d4 cxd4 4. Nxd4 g6 5. Nc3 Bg7 6. Be3 Nf6 7. f3 O-O 8.
Qd2 d5 9. exd5 Nxd5 10. Nxc6 bxc6 11. O-O-O Bxc3 12. bxc3 Qa5 13. Bh6 Qa3+ 14.
Kb1 Rb8+ 15. Ka1 Qb2# 0-1

[Event "15th 4NCL Congress"]
[Site "Doncaster"]
[Date "2017.09.09"]
[Round "3.15"]
[White "Jaufarally, Nadia"]
[Black "David, Ivan"]
[Result "0-1"]
[WhiteElo "1701"]
[BlackElo "1857"]
[PlyCount "74"]
[EventDate "2017.09.08"]

1. d4 Nf6 2. Bf4 c5 3. e3 cxd4 4. exd4 d6 5. Nf3 e6 6. c3 Be7 7. Bd3 O-O 8.
Nbd2 Nbd7 9. Qe2 a6 10. O-O Re8 11. a4 Nf8 12. Rfe1 Ng6 13. Bg3 Nh5 14. b4 Ngf4
15. Bxf4 Nxf4 16. Qe4 Nxd3 17. Qxd3 b6 18. b5 a5 19. Rac1 Bb7 20. Nb3 Rc8 21.
Rc2 Bxf3 22. Qxf3 d5 23. Nd2 Bg5 24. Nb1 Rc4 25. Ra2 Qd6 26. Qg4 Bh6 27. g3
Rec8 28. f4 g6 29. h4 Bg7 30. h5 Rxc3 31. Nxc3 Bxd4+ 32. Kg2 Bxc3 33. Rh1 d4
34. hxg6 Qd5+ 35. Kg1 hxg6 36. Rah2 d3 37. Rh6 Bd4+ 0-1

[Event "15th 4NCL Congress"]
[Site "Doncaster"]
[Date "2017.09.09"]
[Round "3.16"]
[White "Wiratunga, Jenith Ay"]
[Black "Taylor, Robert P"]
[Result "0-1"]
[WhiteElo "1488"]
[BlackElo "1854"]
[PlyCount "116"]
[EventDate "2017.09.08"]

1. d4 c6 2. Nf3 d6 3. Bf4 Bg4 4. Nbd2 Nd7 5. h3 Bh5 6. c3 Ngf6 7. Qb3 Qc7 8. e3
Bg6 9. Nh4 b5 10. Nxg6 hxg6 11. Bd3 e5 12. Bg3 Be7 13. a4 bxa4 14. Rxa4 Nb6 15.
Ra5 exd4 16. exd4 Nbd5 17. Qa2 Nh5 18. Bh2 Nhf4 19. Be4 Bd8 20. Ra4 f5 21. Bxd5
Nxd5 22. c4 Nb6 23. Ra3 Bf6 24. Re3+ Kd7 25. c5 Nd5 26. Bxd6 Qd8 27. Ra3 a5 28.
Nc4 Bxd4 29. O-O Re8 30. Rd1 Qh4 31. Rf3 Re2 32. Ne3 Rxb2 33. Qa4 Rb4 34. Nxd5
Rxa4 35. Nb6+ Kd8 36. Nxa4 Bxf2+ 37. Rxf2 Qxa4 38. Rfd2 Ke8 39. Re1+ Kf7 40.
Re7+ Kf6 41. Rde2 Qd4+ 42. Kh2 Kg5 43. Be5 Qc4 44. Bxg7 Rd8 45. R7e3 Rd3 46.
Rxd3 Qxd3 47. Ra2 Qb5 48. Bc3 a4 49. Bd2+ Kf6 50. Be3 Qb3 51. Bd4+ Kf7 52. Rb2
Qc4 53. Bg1 a3 54. Rb7+ Ke6 55. Ra7 a2 56. Ra3 Qf4+ 57. Kh1 Qd2 58. Re3+ Qxe3
0-1

[Event "15th 4NCL Congress"]
[Site "Doncaster"]
[Date "2017.09.09"]
[Round "3.17"]
[White "Cawston, M John"]
[Black "Gogia, Armaan"]
[Result "1-0"]
[WhiteElo "1821"]
[BlackElo "1272"]
[PlyCount "155"]
[EventDate "2017.09.08"]

1. e4 c5 2. Nf3 d6 3. d4 cxd4 4. Nxd4 Nf6 5. Nc3 a6 6. Bc4 e6 7. Bb3 Be7 8. Be3
O-O 9. f3 Qc7 10. Qd2 Nc6 11. Nxc6 bxc6 12. O-O d5 13. exd5 cxd5 14. Na4 Bd6
15. f4 Ne4 16. Qd4 Rb8 17. c3 e5 18. Qxd5 exf4 19. Bd4 f3 20. Qxe4 Bxh2+ 21.
Kh1 Bb7 22. Bd5 Bxd5 23. Qxd5 Qg3 24. Rxf3 Qd6 25. Qxd6 Bxd6 26. Raf1 f6 27.
Nb6 Rfe8 28. Nc4 Bc7 29. Re3 Rxe3 30. Bxe3 Rb5 31. Rf3 Rh5+ 32. Rh3 Rd5 33. Bd4
Rf5 34. Kg1 h6 35. Rf3 Rh5 36. Kf2 Kf7 37. Ne3 Rb5 38. b4 Ke6 39. a4 Rb8 40.
Ng4 h5 41. Nxf6 gxf6 42. Rxf6+ Ke7 43. Kf3 Rd8 44. Rf5 Ke6 45. Rxh5 Rf8+ 46.
Ke4 Rf4+ 47. Kd3 Rg4 48. Kc4 Rxg2 49. Rh6+ Kd7 50. Rxa6 Rg8 51. b5 Rc8 52. Rc6
Ra8 53. Kb3 Ra5 54. Bb6 Bxb6 55. Rxb6 Kc7 56. Kb4 Kxb6 57. c4 Ra8 58. c5+ Kb7
59. a5 Rh8 60. a6+ Ka7 61. Ka5 Rh1 62. b6+ Ka8 63. c6 Ra1+ 64. Kb5 Rb1+ 65. Kc5
Rc1+ 66. Kd6 Rd1+ 67. Kc7 Rb1 68. b7+ Ka7 69. Kc8 Kxa6 70. b8=Q Rh1 71. Qb7+
Ka5 72. Qa7+ Kb5 73. Qb7+ Ka5 74. c7 Rh8+ 75. Kd7 Rh7+ 76. Ke6 Rh4 77. c8=Q Rc4
78. Qa6+ 1-0

[Event "15th 4NCL Congress"]
[Site "Doncaster"]
[Date "2017.09.09"]
[Round "3.20"]
[White "Parnian, Arya"]
[Black "Dunkley, Michael"]
[Result "1/2-1/2"]
[WhiteElo "1570"]
[BlackElo "1809"]
[PlyCount "76"]
[EventDate "2017.09.08"]

1. Nf3 d6 2. c4 e5 3. d3 f5 4. g3 Nf6 5. Bg2 Be7 6. Nbd2 O-O 7. O-O Qe8 8. a3
Qh5 9. e3 a5 10. b3 Nc6 11. Bb2 Ng4 12. h3 Nf6 13. Nh2 Qg6 14. Qe1 Bd7 15. Ndf3
Rae8 16. Nh4 Qh6 17. Qd1 g5 18. N4f3 Qg6 19. Ne1 h5 20. d4 e4 21. d5 Ne5 22. f4
gxf4 23. gxf4 Nf7 24. Qe2 Kh7 25. Kh1 Rg8 26. Qf2 Qh6 27. Rg1 h4 28. Nc2 Nh5
29. Nf1 Rg6 30. Kh2 Reg8 31. Nd2 Ng3 32. Nd4 Qh5 33. Bc3 b6 34. Rab1 Bf6 35.
Ba1 Bxd4 36. Bxd4 Ne2 37. Rbe1 Nxg1 38. Rxg1 Rg3 1/2-1/2

[Event "15th 4NCL Congress"]
[Site "Doncaster"]
[Date "2017.09.09"]
[Round "3.22"]
[White "Camp, Syringa Lyn"]
[Black "Raghavendra, Mahima G"]
[Result "0-1"]
[WhiteElo "1682"]
[BlackElo "1562"]
[PlyCount "82"]
[EventDate "2017.09.08"]

1. e4 e6 2. d4 d5 3. e5 c5 4. f4 cxd4 5. Nf3 Nc6 6. Nxd4 Bd7 7. c3 f6 8. Nf3
fxe5 9. fxe5 Nxe5 10. Bf4 Nxf3+ 11. Qxf3 Nf6 12. Nd2 Bc6 13. Qe2 Qd7 14. Qe5
Rd8 15. O-O-O Bd6 16. Qxd6 Qxd6 17. Bxd6 Rxd6 18. Nc4 Rd8 19. Ne5 O-O 20. Rg1
Nd7 21. Nxc6 bxc6 22. g3 e5 23. Bh3 Rf6 24. b4 e4 25. a4 Nb6 26. a5 Na4 27. c4
d4 28. Bg2 Nc3 29. Rd2 e3 30. Rc2 Rdf8 31. Rxc3 dxc3 32. Kc2 Rf2+ 33. Kxc3 Re8
34. Bxc6 e2 35. Re1 Rf1 36. Rxe2 Rxe2 37. c5 Rc1+ 38. Kd4 Rd2+ 39. Ke3 Rb2 40.
b5 Rxc5 41. Kd4 Rbxb5 0-1

[Event "15th 4NCL Congress"]
[Site "Doncaster"]
[Date "2017.09.09"]
[Round "3.23"]
[White "Evans, Peter Michael"]
[Black "Tinker, Chris R"]
[Result "0-1"]
[WhiteElo "1906"]
[BlackElo "1829"]
[PlyCount "92"]
[EventDate "2017.09.08"]

1. d4 c5 2. d5 d6 3. c4 Nf6 4. Nc3 e6 5. e4 exd5 6. cxd5 g6 7. f4 Bg7 8. Bb5+
Nfd7 9. a4 O-O 10. Nf3 Re8 11. O-O a6 12. Bd3 Qb6 13. a5 Qc7 14. Nd2 b5 15.
axb6 Nxb6 16. Qf3 N8d7 17. Nc4 Nxc4 18. Bxc4 Nb6 19. b3 Qe7 20. Bd2 Bd4+ 21.
Kh1 Qf6 22. e5 dxe5 23. Ne4 Qg7 24. Rae1 Nxc4 25. bxc4 Re7 26. d6 Rb7 27. fxe5
Rab8 28. Nf6+ Kh8 29. Qg3 Be6 30. Qh4 h5 31. Bg5 Qf8 32. g4 Kg7 33. gxh5 Qh8
34. Nd7 Qxh5 35. Qxh5 gxh5 36. Bf6+ Kh6 37. Nxb8 Bxc4 38. h4 Rxb8 39. Bg5+ Kg7
40. Bf6+ Kh7 41. Rg1 Rb2 42. Rg7+ Kh6 43. Reg1 Bd5+ 44. R7g2 Bc6 45. Kh2 Bxg1+
46. Kxg1 Rxg2+ 0-1

[Event "15th 4NCL Congress"]
[Site "Doncaster"]
[Date "2017.09.09"]
[Round "3.24"]
[White "May, Paul"]
[Black "Nandi, Robin J"]
[Result "0-1"]
[WhiteElo "1741"]
[BlackElo "1818"]
[PlyCount "62"]
[EventDate "2017.09.08"]

1. d4 Nf6 2. c4 e6 3. Nc3 Bb4 4. f3 d5 5. a3 Bxc3+ 6. bxc3 O-O 7. Qc2 c5 8.
cxd5 exd5 9. Bg5 Nc6 10. dxc5 d4 11. O-O-O b6 12. e4 bxc5 13. Bb5 Ne5 14. h3
Qa5 15. Bxf6 gxf6 16. a4 a6 17. Be2 Bd7 18. Kd2 d3 19. Qa2 dxe2 20. Nxe2 Be6
21. Qa1 Bc4 22. Nf4 Rfd8+ 23. Ke3 Bb3 24. Rb1 c4 25. Nd5 Qc5+ 26. Ke2 Rxd5 27.
exd5 Nd3 28. Rxb3 Qf2+ 29. Kd1 cxb3 30. Qb1 Qe3 31. Rf1 Re8 0-1

[Event "15th 4NCL Congress"]
[Site "Doncaster"]
[Date "2017.09.09"]
[Round "2.1"]
[White "Riding, Mick D"]
[Black "Bennett, Dominic L"]
[Result "1/2-1/2"]
[WhiteElo "1866"]
[BlackElo "1962"]
[PlyCount "77"]
[EventDate "2017.09.08"]

1. f4 d5 2. Nf3 g6 3. g3 Bg7 4. Bg2 Nf6 5. O-O b6 6. d3 Bb7 7. Qe1 O-O 8. Nc3
d4 9. Nd1 c5 10. e4 dxe3 11. Nxe3 Ne8 12. f5 Nd6 13. fxg6 hxg6 14. Ng4 Nf5 15.
c3 Na6 16. Bg5 Nc7 17. Qd2 Ne6 18. Nh6+ Nxh6 19. Bxh6 Qc7 20. Rae1 Rad8 21.
Rxe6 fxe6 22. Bxg7 Kxg7 23. Ng5 Rxf1+ 24. Bxf1 Qe5 25. Bh3 Bc8 26. Nf3 Qd5 27.
Qe3 Rf8 28. Bg2 Qh5 29. h3 Qf5 30. Nh4 Qf6 31. Qe4 Ba6 32. c4 Qd4+ 33. Qxd4+
cxd4 34. Be4 Rf6 35. Nf3 Bc8 36. g4 Bd7 37. Nxd4 Be8 38. g5 Rf7 39. Nxe6+
1/2-1/2

[Event "15th 4NCL Congress"]
[Site "Doncaster"]
[Date "2017.09.09"]
[Round "2.2"]
[White "Wilson, Kevin J"]
[Black "Ter-Gevorkian, Aram"]
[Result "1-0"]
[WhiteElo "1859"]
[BlackElo "1922"]
[Annotator "Barnes,Lara"]
[PlyCount "84"]
[EventDate "2017.09.08"]

1. d4 d6 2. Bf4 Nf6 3. e3 Nbd7 4. Nf3 c5 5. c3 Qb6 6. Qb3 e6 7. Na3 Nh5 8. Bg3
Nxg3 9. hxg3 Qxb3 10. axb3 a6 11. Nb5 Rb8 12. Na7 Be7 13. Bd3 h6 14. O-O O-O
15. Nxc8 Rfxc8 16. Rfd1 cxd4 17. Nxd4 Ne5 18. Be2 Kf8 19. f4 Nd7 20. b4 Bf6 21.
Kf2 d5 22. e4 Bxd4+ 23. Rxd4 Nf6 24. exd5 Nxd5 25. Ra5 g6 26. g4 g5 27. g3 f6
28. Bc4 gxf4 29. gxf4 b6 30. Rxa6 e5 31. fxe5 fxe5 32. Rxd5 Rxc4 33. Rxe5 Rxg4
34. Re6 Kg7 35. Ra7+ Kg8 36. Rxh6 Rf8+ 37. Ke3 b5 38. Rb6 Rg3+ 39. Kd4 Rf4+ 40.
Ke5 Rf8 41. Rab7 Rg5+ 42. Ke4 Rff5 {score unreadable} 1-0

[Event "15th 4NCL Congress"]
[Site "Doncaster"]
[Date "2017.09.09"]
[Round "2.3"]
[White "Taylor, Robert P"]
[Black "Whitehead, Mark A"]
[Result "0-1"]
[WhiteElo "1854"]
[BlackElo "1908"]
[PlyCount "144"]
[EventDate "2017.09.08"]

1. d4 Nf6 2. Bg5 e6 3. e3 Be7 4. Bd3 b6 5. Nd2 Bb7 6. Ngf3 d6 7. Qe2 Nbd7 8. c4
c5 9. O-O O-O 10. Rfd1 Rc8 11. Rac1 h6 12. Bh4 Re8 13. Bb1 cxd4 14. exd4 Nh5
15. Bxe7 Qxe7 16. Qd3 f5 17. g3 Nhf6 18. Qe2 g6 19. Rc3 e5 20. dxe5 dxe5 21.
Nh4 Kf7 22. Ndf3 Ne4 23. Re3 Ndf6 24. Nxg6 Kxg6 25. Nh4+ Kf7 26. Nxf5 Qe6 27.
Bxe4 Nxe4 28. Qh5+ Kf8 29. Nxh6 Nf6 30. Qg5 Rxc4 31. Nf5 Rg4 32. Qh6+ Kg8 33.
Nd6 Nd5 34. Qxe6+ Rxe6 35. Nxb7 Nxe3 36. fxe3 Rg7 37. Nd8 Re8 38. Nc6 Rc7 39.
Nb4 e4 40. Nd5 Rc6 41. Rd2 Kg7 42. Nc3 a6 43. h4 b5 44. Rd4 Rc4 45. Rd7+ Kf6
46. g4 b4 47. Ne2 Rc2 48. Nf4 Rxb2 49. Rd6+ Kf7 50. g5 Rc8 51. Rf6+ Kg8 52.
Rg6+ Kh8 53. Rh6+ Kg8 54. Rg6+ Kf8 55. Rf6+ Ke8 56. Nd5 Rxa2 57. Nxb4 Rc1+ 58.
Rf1 Rxf1+ 59. Kxf1 Ra1+ 60. Kg2 a5 61. Nd5 a4 62. Nc3 a3 63. Kg3 a2 64. Nxa2
Rxa2 65. Kf4 Kf7 66. h5 Ra5 67. Kg4 Kg7 68. Kf4 Rb5 69. Kg4 Rb1 70. Kf5 Rg1 71.
Kf4 Rh1 72. Kg4 Rf1 0-1

[Event "15th 4NCL Congress"]
[Site "Doncaster"]
[Date "2017.09.09"]
[Round "2.5"]
[White "Hamilton, Douglas"]
[Black "Cawston, M John"]
[Result "1-0"]
[WhiteElo "1893"]
[BlackElo "1821"]
[PlyCount "59"]
[EventDate "2017.09.08"]

1. c4 c5 2. g3 Nf6 3. Bg2 d5 4. cxd5 Nxd5 5. Nc3 Nc7 6. Qb3 Nc6 7. Bxc6+ bxc6
8. Qa4 Bd7 9. Nf3 f6 10. d3 e5 11. Be3 Be7 12. O-O O-O 13. Ne4 Ne6 14. Qc4 Kh8
15. Nxc5 Nxc5 16. Bxc5 Bxc5 17. Qxc5 Qb6 18. Qc3 Rab8 19. b3 Rfc8 20. Nd2 Qb5
21. Nc4 Qd5 22. Ne3 Qd6 23. Rfc1 f5 24. Nc4 Qh6 25. Nxe5 Be8 26. Rc2 f4 27. Qd2
fxg3 28. hxg3 Qh3 29. Qf4 Rb5 30. Qf8# 1-0

[Event "15th 4NCL Congress"]
[Site "Doncaster"]
[Date "2017.09.09"]
[Round "2.6"]
[White "Holi, Siefaldin A"]
[Black "Burrows, Nick"]
[Result "0-1"]
[WhiteElo "1754"]
[BlackElo "1888"]
[PlyCount "142"]
[EventDate "2017.09.08"]

1. e4 c6 2. f4 d5 3. e5 Bf5 4. g4 Be4 5. Nf3 h5 6. g5 e6 7. Bg2 Ne7 8. d3 Bxf3
9. Bxf3 g6 10. Nc3 c5 11. Bd2 Nbc6 12. Be3 Nf5 13. Bf2 Be7 14. h4 a6 15. a3 Rc8
16. Rb1 b5 17. O-O Ncd4 18. Bg2 c4 19. Ne2 Nxe2+ 20. Qxe2 cxd3 21. cxd3 O-O 22.
Rbc1 Qd7 23. Kh2 Rxc1 24. Rxc1 Rc8 25. Rd1 Bc5 26. d4 Bb6 27. Bf3 Ng7 28. Be1
Rc4 29. Bc3 Qa7 30. Qd3 Nf5 31. b3 Rc6 32. Kh3 Qc7 33. Bb4 Bxd4 34. Qe2 Rc2 35.
Bd2 Ng7 36. Qd3 Bb6 37. Bb4 Nf5 38. Bd2 Qc5 39. Rf1 Ra2 40. b4 Qc2 41. Qxc2
Rxc2 42. Rd1 Bf2 43. Be2 Be3 44. Bxe3 Rxe2 45. Bb6 Rc2 46. Rd3 Rc4 47. Bd8 Rxf4
48. a4 Rxh4+ 49. Kg2 Rxb4 50. axb5 Rxb5 51. Ra3 Rb8 52. Bf6 Ra8 53. Kf3 a5 54.
Ra4 Kf8 55. Kg2 Ne3+ 56. Kf3 Nc4 57. Ke2 Ke8 58. Ra2 a4 59. Kd3 a3 60. Kd4 Rb8
61. Kc5 Rb2 62. Ra1 Kd7 63. Bg7 a2 64. Rf1 Ke8 65. Ra1 Nd2 66. Kd6 Nb3 67. Rd1
Rb1 68. Rd3 a1=Q 69. Rh3 Qa6+ 70. Kc7 Rc1+ 71. Kb8 Rc8# 0-1

[Event "15th 4NCL Congress"]
[Site "Doncaster"]
[Date "2017.09.09"]
[Round "2.7"]
[White "Potter, Steven"]
[Black "Wiratunga, Ishan Vh"]
[Result "0-1"]
[WhiteElo "1874"]
[BlackElo "1619"]
[PlyCount "64"]
[EventDate "2017.09.08"]

1. d4 Nf6 2. Bg5 Ne4 3. Bf4 d5 4. f3 Nf6 5. e4 dxe4 6. Nc3 Bf5 7. Bc4 c6 8.
Bxb8 Rxb8 9. g4 Bg6 10. f4 e6 11. h4 h5 12. g5 Nd5 13. Nxd5 exd5 14. Bb3 Bf5
15. Qd2 Bd6 16. Ne2 Qe7 17. Qe3 Qc7 18. Rf1 O-O 19. O-O-O a5 20. Ng3 Bg4 21.
Rd2 b5 22. a3 a4 23. Ba2 b4 24. g6 fxg6 25. Rdf2 Bf3 26. Rxf3 exf3 27. Qe6+ Kh8
28. Ne4 Bxf4+ 29. Kd1 dxe4 30. Qxg6 Bh6 31. Qxe4 Rbe8 32. Qg6 Qf4 0-1

[Event "15th 4NCL Congress"]
[Site "Doncaster"]
[Date "2017.09.09"]
[Round "2.9"]
[White "Pollock, Andy"]
[Black "Clegg, Robert"]
[Result "1/2-1/2"]
[WhiteElo "1964"]
[BlackElo "1769"]
[PlyCount "77"]
[EventDate "2017.09.08"]

1. d4 Nf6 2. Nf3 g6 3. Nbd2 d5 4. e3 Bg7 5. b4 O-O 6. c4 c6 7. Bd3 a5 8. b5
cxb5 9. cxb5 Nbd7 10. Bb2 b6 11. O-O Bb7 12. Qb3 Rc8 13. Rac1 Ne4 14. Ba3 Re8
15. Bxe4 dxe4 16. Ng5 e6 17. Ngxe4 Bd5 18. Rxc8 Qxc8 19. Qb1 Qa8 20. Rc1 Rc8
21. Rxc8+ Qxc8 22. Bb2 Bf8 23. Nc3 Ba8 24. Qc1 f5 25. Na4 Qb7 26. f3 Nf6 27.
Qc4 Kf7 28. Qc6 Qxc6 29. bxc6 Nd5 30. e4 Bxc6 31. exd5 Bxa4 32. dxe6+ Kxe6 33.
Nc4 Bb5 34. Nxb6 Kd6 35. Bc3 a4 36. Bb4+ Kc6 37. d5+ Kxb6 38. Bxf8 Bc4 39. a3
1/2-1/2

[Event "15th 4NCL Congress"]
[Site "Doncaster"]
[Date "2017.09.09"]
[Round "2.10"]
[White "Bielby, Paul R"]
[Black "Procter, Colin S"]
[Result "1-0"]
[WhiteElo "1916"]
[BlackElo "1760"]
[PlyCount "127"]
[EventDate "2017.09.08"]

1. e4 e6 2. d4 d5 3. Nd2 a6 4. Bd3 c5 5. dxc5 Bxc5 6. Qe2 Nf6 7. Ngf3 Nc6 8. c3
Qe7 9. O-O h6 10. h3 O-O 11. Re1 Qc7 12. e5 Nh5 13. Nb3 Ng3 14. Qc2 Ba7 15. Bf4
Nf5 16. Rad1 b5 17. Bxf5 exf5 18. Nfd4 Nxd4 19. Nxd4 Bxd4 20. Rxd4 Be6 21. Qd2
Qe7 22. Bxh6 f6 23. exf6 Qxf6 24. Bg5 Qg6 25. h4 Rae8 26. Qf4 Bc8 27. Re5 Rxe5
28. Qxe5 Be6 29. Qd6 f4 30. Rxf4 Rxf4 31. Bxf4 Qb1+ 32. Kh2 Qf5 33. Be3 Qg4 34.
Qxa6 Qxh4+ 35. Kg1 Qg4 36. Qxb5 Qd1+ 37. Qf1 Qc2 38. Qc1 Qxc1+ 39. Bxc1 d4 40.
cxd4 Bxa2 41. f3 Kf7 42. Kf2 Ke6 43. Ke3 Bb3 44. Kf4 Kd5 45. Be3 Bc2 46. Kg5
Bd3 47. g4 Ke6 48. f4 g6 49. Bd2 Kf7 50. Bb4 Bc4 51. Bd6 Bb3 52. f5 gxf5 53.
Kxf5 Be6+ 54. Kf4 Bb3 55. Be5 Kg6 56. g5 Bd5 57. Bf6 Kf7 58. Ke5 Bb3 59. Kd6
Ke8 60. g6 Kf8 61. d5 Bc2 62. g7+ Kf7 63. b4 Ba4 64. Kc5 1-0

[Event "15th 4NCL Congress"]
[Site "Doncaster"]
[Date "2017.09.09"]
[Round "2.11"]
[White "Slinger, Aj (tony)"]
[Black "Mahoney, Nicholas"]
[Result "1/2-1/2"]
[WhiteElo "1899"]
[BlackElo "1711"]
[PlyCount "54"]
[EventDate "2017.09.08"]

1. g3 e5 2. Bg2 d5 3. d3 Nc6 4. a3 a5 5. b3 Nf6 6. Bb2 Bd6 7. Nf3 O-O 8. O-O h6
9. Nbd2 Re8 10. e4 dxe4 11. Nxe4 Nxe4 12. dxe4 Qe7 13. Re1 Bc5 14. c3 Bg4 15.
Qc2 Qf6 16. Nh4 g6 17. Bf1 Ne7 18. Ng2 Rad8 19. Ne3 Bf3 20. b4 axb4 21. axb4
Bb6 22. Bg2 Ra8 23. Nc4 Bxg2 24. Kxg2 Qe6 25. Nxb6 Qxb6 26. Qd2 h5 27. h4 Qc6
1/2-1/2

[Event "15th 4NCL Congress"]
[Site "Doncaster"]
[Date "2017.09.09"]
[Round "2.12"]
[White "Mort, Andrew J"]
[Black "Jaufarally, Nadia"]
[Result "1/2-1/2"]
[WhiteElo "1862"]
[BlackElo "1701"]
[PlyCount "55"]
[EventDate "2017.09.08"]

1. c4 Nf6 2. g3 g6 3. Bg2 Bg7 4. Nc3 O-O 5. Nf3 d6 6. O-O e5 7. Rb1 a5 8. a3
Bf5 9. d3 Nc6 10. b4 e4 11. Nh4 exd3 12. Nxf5 dxe2 13. Nxe2 gxf5 14. b5 Ne5 15.
Bxb7 Rb8 16. Bg2 Nxc4 17. Nd4 Qd7 18. Bh3 Ng4 19. Qd3 Bxd4 20. Qxd4 Rxb5 21.
Rxb5 Qxb5 22. Bxg4 fxg4 23. Qxg4+ Kh8 24. Bh6 Rg8 25. Qd4+ Ne5 26. f4 Qd3 27.
Qb2 Qe3+ 28. Kg2 1/2-1/2

[Event "15th 4NCL Congress"]
[Site "Doncaster"]
[Date "2017.09.09"]
[Round "2.13"]
[White "Burns, Martin J"]
[Black "Camp, Syringa Lyn"]
[Result "1-0"]
[WhiteElo "1857"]
[BlackElo "1682"]
[PlyCount "67"]
[EventDate "2017.09.08"]

1. e4 c5 2. Nc3 d6 3. f4 e6 4. Nf3 Nc6 5. Bb5 a6 6. Bxc6+ bxc6 7. O-O g6 8. Qe1
Bg7 9. d3 Ne7 10. Rb1 Rb8 11. Bd2 O-O 12. b3 d5 13. Na4 dxe4 14. dxe4 c4 15.
Bc3 Bxc3 16. Qxc3 cxb3 17. axb3 Qc7 18. Ne5 h5 19. Rbd1 f6 20. Nc4 f5 21. exf5
exf5 22. Ne5 Be6 23. Kh1 Rbd8 24. Rxd8 Rxd8 25. Nc5 Qc8 26. Qg3 Kg7 27. h3 Rd2
28. Qc3 Rd5 29. Nf3+ Kg8 30. Re1 Rd6 31. Qf6 Nd5 32. Qxg6+ Kf8 33. Nxe6+ Rxe6
34. Qxe6 1-0